[Event "Manitoba-ch U20"]
[Site "Winnipeg CAN"]
[Date "2003.11.23"]
[Round "5"]
[White "Zaczek, Jonathan"]
[Black "Hogeveen Rutter, Alexander"]
[Result "1-0"]
[WhiteElo "1753"]
[BlackElo "1735"]
[PlyCount "31"]
[EventDate "2003.11.22"]
[EventType "swiss"]
[EventRounds "5"]
[EventCountry "CAN"]

1. e4 c5 2. d4 cxd4 3. c3 dxc3 4. Nxc3 Nc6 5. Bc4 g6 6. Nf3 Bg7 7. O-O d6 8.
Re1 Nf6 9. e5 Nd7 10. exd6 O-O 11. dxe7 Nxe7 12. Bg5 Re8 13. Nd5 Bf8 14. Qe2
Nb6 15. Nf6+ Kh8 16. Bxf7 1-0

[Event "Marathon"]
[Site "Granby CAN"]
[Date "2003.05.16"]
[Round "1"]
[White "Biron, Francis"]
[Black "Lemay, Hugo"]
[Result "0-1"]
[WhiteElo "1068"]
[BlackElo "1335"]
[PlyCount "62"]
[EventDate "2003.05.16"]
[EventType "swiss"]
[EventRounds "7"]
[EventCountry "CAN"]

1. e4 c5 2. c3 Nc6 3. d4 cxd4 4. cxd4 e6 5. Bf4 d5 6. f3 dxe4 7. fxe4 Nf6 8.
Nd2 Bb4 9. Ngf3 Nxe4 10. a3 Nxd2 11. Bxd2 Bxd2+ 12. Qxd2 O-O 13. Ne5 Nxd4 14.
O-O-O Nb3+ 15. Kc2 Nxd2 16. Rxd2 Qc7+ 17. Bc4 Qxe5 18. Rhd1 b6 19. Rd3 Bb7 20.
Rd7 Be4+ 21. Bd3 Rac8+ 22. Kb1 Bxd3+ 23. R1xd3 Qe4 24. b4 Rfd8 25. Kb2 Rxd7 26.
Rxd7 Qc2+ 27. Ka1 Qc1+ 28. Ka2 Rc2+ 29. Kb3 Rb2+ 30. Ka4 Qc6+ 31. b5 Qc4# 0-1

[Event "Marathon"]
[Site "Granby CAN"]
[Date "2003.05.16"]
[Round "1"]
[White "Bolduc, Steve"]
[Black "Fecteau, Denis"]
[Result "1/2-1/2"]
[WhiteElo "2274"]
[BlackElo "1681"]
[PlyCount "131"]
[EventDate "2003.05.16"]
[EventType "swiss"]
[EventRounds "7"]
[EventCountry "CAN"]

1. d4 Nf6 2. c4 g6 3. Nc3 Bg7 4. e4 d6 5. Nge2 O-O 6. Ng3 e5 7. d5 c6 8. Be2
cxd5 9. cxd5 a6 10. h4 h5 11. Bg5 Qb6 12. Qd2 Ng4 13. Bxg4 Bxg4 14. f3 Bd7 15.
O-O-O a5 16. Be3 Qc7 17. Kb1 b5 18. Rc1 Qb7 19. Rhg1 b4 20. Nce2 Na6 21. Nh1
Rac8 22. g4 Rxc1+ 23. Nxc1 hxg4 24. fxg4 f6 25. Nf2 a4 26. Ncd3 b3 27. a3 Rc8
28. Rc1 Bf8 29. h5 Rxc1+ 30. Qxc1 Be8 31. hxg6 Qc7 32. Qxc7 Nxc7 33. Kc1 Bxg6
34. Kd2 Nb5 35. Ne1 Be7 36. Nf3 Bd8 37. Nh4 Be8 38. Nf5 Bd7 39. Nd3 Kf8 40. Nb4
Ba5 41. Kd3 Bxb4 42. axb4 Kf7 43. Bc1 Bxf5 44. gxf5 Ke7 45. Kc4 Nd4 46. b5 Ne2
47. Be3 Nd4 48. Bc1 Ne2 49. Bd2 Nd4 50. Kb4 Nxb5 51. Kxa4 Nd4 52. Kb4 Kd7 53.
Kc4 Nf3 54. Be3 Ng5 55. Kd3 Ke7 56. Bd2 Kf7 57. Bb4 Ke7 58. Bd2 Kf7 59. Be3 Ke7
60. Bf2 Kf7 61. Bh4 Ke7 62. Kc3 Kf7 63. Bf2 Kg7 64. Be1 Kf7 65. Bh4 Kg7 66.
Bxg5 1/2-1/2

[Event "Marathon"]
[Site "Granby CAN"]
[Date "2003.05.17"]
[Round "2"]
[White "Bolduc, Steve"]
[Black "Caire, Francois"]
[Result "1/2-1/2"]
[WhiteElo "2274"]
[BlackElo "2086"]
[PlyCount "100"]
[EventDate "2003.05.16"]
[EventType "swiss"]
[EventRounds "7"]
[EventCountry "CAN"]

1. d4 Nf6 2. c4 e6 3. Nf3 b6 4. g3 Ba6 5. b3 Bb7 6. Bg2 Bb4+ 7. Bd2 a5 8. O-O
O-O 9. Bg5 Be7 10. Nc3 Ne4 11. Bxe7 Qxe7 12. Rc1 d6 13. d5 Nxc3 14. Rxc3 e5 15.
e4 Na6 16. Nd2 a4 17. f4 axb3 18. axb3 Nc5 19. b4 Nd7 20. Nb1 Ra1 21. Ra3 Ra8
22. Rxa8+ Rxa8 23. Qb3 exf4 24. gxf4 f5 25. e5 Ra7 26. Nc3 Nf8 27. Nb5 Ra8 28.
e6 Ng6 29. Qg3 Ra4 30. Qb3 Ra8 31. Qc3 Qd8 32. Qg3 Ra4 33. Qg5 Qxg5 34. fxg5
Rxb4 35. Rxf5 Rxc4 36. Rf7 Rc1+ 37. Kf2 Rc2+ 38. Kg3 Ne5 39. Rxc7 Rxc7 40. Nxc7
Kf8 41. Be4 Ke7 42. Bxh7 Kd8 43. Bf5 g6 44. Bh3 Nd3 45. Bg4 Ne5 46. e7+ Kxe7
47. Be6 Kd8 48. Nb5 Ke7 49. h4 Ba6 50. Nd4 b5 1/2-1/2

[Event "Marathon"]
[Site "Granby CAN"]
[Date "2003.05.17"]
[Round "3"]
[White "Godbout, Mathieu"]
[Black "Bolduc, Steve"]
[Result "0-1"]
[WhiteElo "1633"]
[BlackElo "2274"]
[PlyCount "72"]
[EventDate "2003.05.16"]
[EventType "swiss"]
[EventRounds "7"]
[EventCountry "CAN"]

1. c4 c5 2. Nc3 Nc6 3. Nf3 Nf6 4. g3 g6 5. Bg2 Bg7 6. O-O O-O 7. d4 cxd4 8.
Nxd4 Nxd4 9. Qxd4 d6 10. Bg5 h6 11. Bd2 a6 12. Rac1 Rb8 13. Qd3 Nd7 14. e4 Ne5
15. Qe2 e6 16. Rfd1 Qc7 17. b3 Bd7 18. f4 Nc6 19. Be3 Rfd8 20. Bf1 b6 21. Qf2
Ne7 22. Bd3 Qb7 23. f5 exf5 24. Nd5 Nxd5 25. exd5 b5 26. Rf1 Be8 27. Rc2 bxc4
28. bxc4 Qd7 29. Qd2 Kh7 30. Qc1 Qe7 31. Rcf2 Rb2 32. Rxf5 Rxa2 33. Rh5 Ra1 34.
Qd2 Rxf1+ 35. Kxf1 Qf8 36. g4 f5 0-1

[Event "Marathon"]
[Site "Granby CAN"]
[Date "2003.05.17"]
[Round "4"]
[White "Lemay, Hugo"]
[Black "Pronce, Christian"]
[Result "0-1"]
[WhiteElo "1335"]
[BlackElo "1101"]
[PlyCount "86"]
[EventDate "2003.05.16"]
[EventType "swiss"]
[EventRounds "7"]
[EventCountry "CAN"]

1. e4 e5 2. Nf3 Nc6 3. Bc4 h6 4. O-O Nf6 5. d4 Bd6 6. Nc3 a6 7. Be3 Qe7 8. Nd5
Nxd5 9. exd5 Na5 10. Bd3 e4 11. Bd2 O-O 12. Bxa5 exf3 13. Qxf3 Qh4 14. g3 Qg5
15. Rad1 f5 16. Bd2 Qf6 17. Qh5 b6 18. c4 Bb7 19. Bc3 Kh7 20. Rd2 g6 21. Qd1
Qf7 22. Re1 b5 23. b3 h5 24. Rde2 Rae8 25. f3 Re7 26. Rxe7 Bxe7 27. cxb5 axb5
28. Bxb5 c6 29. dxc6 Bxc6 30. Bc4 d5 31. Bd3 Bd6 32. a4 Qc7 33. Kg2 Bxa4 34.
bxa4 Qxc3 35. Bb5 f4 36. Re6 Qb4 37. Qd3 Rg8 38. Be8 fxg3 39. hxg3 Qb2+ 40. Kh3
Qc1 41. Qe2 Qh1+ 42. Qh2 Qxf3 43. Bf7 Rg7 0-1

[Event "Marathon"]
[Site "Granby CAN"]
[Date "2003.05.18"]
[Round "5"]
[White "Bolduc, Steve"]
[Black "Boulay, David"]
[Result "1-0"]
[WhiteElo "2274"]
[BlackElo "2243"]
[PlyCount "97"]
[EventDate "2003.05.16"]
[EventType "swiss"]
[EventRounds "7"]
[EventCountry "CAN"]

1. d4 d5 2. c4 e6 3. Nc3 Be7 4. Bf4 Nf6 5. e3 O-O 6. cxd5 exd5 7. h3 c5 8. Bd3
Nc6 9. Nge2 Be6 10. Rc1 Rc8 11. Bb1 a6 12. O-O cxd4 13. Nxd4 Qd7 14. Nce2 Rfd8
15. Nxe6 fxe6 16. Nd4 Bd6 17. Bg5 Rf8 18. Bh4 Ne5 19. Rxc8 Qxc8 20. b3 Qd7 21.
Qe2 Ng6 22. Bg5 Ne7 23. Bxf6 Rxf6 24. Qh5 g6 25. Qg4 Qc8 26. e4 e5 27. Qg5 Kg7
28. Nf5+ Nxf5 29. exf5 e4 30. fxg6 Rxg6 31. Qh5 Qg8 32. Rd1 Kh8 33. Rxd5 Rxg2+
34. Kf1 Rg1+ 35. Ke2 Qg2 36. Qe8+ Kg7 37. Qd7+ Kh8 38. Qc8+ Kg7 39. Qg4+ Qxg4+
40. hxg4 Rxb1 41. Rxd6 Rg1 42. Rd7+ Kg8 43. Rxb7 Rxg4 44. Rb6 a5 45. Ra6 Rg5
46. Ke3 Rf5 47. Kxe4 Rxf2 48. Rxa5 h5 49. Rxh5 1-0

[Event "Marathon"]
[Site "Granby CAN"]
[Date "2003.05.18"]
[Round "5"]
[White "Lemay, Hugo"]
[Black "Desoteaux, Michel"]
[Result "1-0"]
[WhiteElo "1335"]
[BlackElo "1121"]
[PlyCount "63"]
[EventDate "2003.05.16"]
[EventType "swiss"]
[EventRounds "7"]
[EventCountry "CAN"]

1. e4 c5 2. Nf3 Nc6 3. d4 cxd4 4. Nxd4 Nf6 5. Nc3 d6 6. Bc4 e6 7. Bg5 Be7 8.
Qd2 O-O 9. O-O-O a6 10. h4 h6 11. Be3 Qc7 12. Bb3 Re8 13. Rdg1 d5 14. exd5 exd5
15. f3 Na5 16. g4 Nxb3+ 17. axb3 Bb4 18. g5 Nh5 19. gxh6 g6 20. Rg5 Kh7 21.
Rhg1 Qa5 22. Kd1 Qa1+ 23. Qc1 Qa5 24. Rxh5 gxh5 25. Rg7+ Kh8 26. Nde2 Rg8 27.
Rxf7 Bc5 28. Qd2 Qa1+ 29. Nc1 Bxe3 30. Qxe3 Rg6 31. Qe5+ Kg8 32. Qe8# 1-0

[Event "Marathon"]
[Site "Granby CAN"]
[Date "2003.05.18"]
[Round "6"]
[White "Vallieres, David"]
[Black "Lemay, Hugo"]
[Result "0-1"]
[WhiteElo "1133"]
[BlackElo "1335"]
[PlyCount "58"]
[EventDate "2003.05.16"]
[EventType "swiss"]
[EventRounds "7"]
[EventCountry "CAN"]

1. c4 e5 2. Nc3 Nf6 3. a3 d5 4. d3 Bc5 5. e3 Nc6 6. b4 Bd6 7. c5 Be7 8. d4 exd4
9. exd4 O-O 10. Rb1 Re8 11. Be2 Bf8 12. Nf3 Bf5 13. Rb2 b6 14. b5 Na5 15. c6
Nc4 16. Ra2 a6 17. a4 axb5 18. axb5 Bb4 19. Rxa8 Bxc3+ 20. Bd2 Bxd2+ 21. Nxd2
Qxa8 22. O-O Nb2 23. Qa1 Qxa1 24. Rxa1 Rxe2 25. Ra8+ Ne8 26. Nf3 Nd3 27. h3 Kf8
28. Ne5 Nxe5 29. dxe5 d4 0-1

[Event "Marathon"]
[Site "Granby CAN"]
[Date "2003.05.18"]
[Round "7"]
[White "Ironman, Jules"]
[Black "Lemay, Hugo"]
[Result "0-1"]
[WhiteElo "1351"]
[BlackElo "1335"]
[PlyCount "56"]
[EventDate "2003.05.16"]
[EventType "swiss"]
[EventRounds "7"]
[EventCountry "CAN"]

1. e4 c5 2. Nf3 e6 3. d4 cxd4 4. Nxd4 Bc5 5. Be2 a6 6. O-O Ne7 7. Nb3 Ba7 8.
Nc3 Nbc6 9. Kh1 d5 10. exd5 Nxd5 11. Nxd5 exd5 12. f4 Bf5 13. a3 Rc8 14. Bd3
Qd7 15. Bxf5 Qxf5 16. Rf3 Ne7 17. c3 O-O 18. Qd3 Qe4 19. Qxe4 dxe4 20. Rh3 Nf5
21. Nd2 Rfe8 22. c4 e3 23. Nf3 e2 24. Ne1 Rxc4 25. Rd3 Nd4 26. Bd2 Nc2 27. Rc1
Nxe1 28. Rxe1 Rce4 0-1

[Event "Marathon"]
[Site "Granby CAN"]
[Date "2003.05.18"]
[Round "7"]
[White "Papineau (Granby), Daniel"]
[Black "Bolduc, Steve"]
[Result "0-1"]
[WhiteElo "2035"]
[BlackElo "2274"]
[PlyCount "92"]
[EventDate "2003.05.16"]
[EventType "swiss"]
[EventRounds "7"]
[EventCountry "CAN"]

1. d4 Nf6 2. c4 c5 3. d5 b5 4. cxb5 a6 5. bxa6 g6 6. Nc3 Bxa6 7. f4 d6 8. Nf3
Bg7 9. e4 Bxf1 10. Rxf1 Nfd7 11. Kf2 O-O 12. Kg1 Qa5 13. Bd2 Nb6 14. Qe2 Qa6
15. Qxa6 Nxa6 16. Nd1 Nb4 17. a3 Nd3 18. Bc3 Nc4 19. e5 Nxf4 20. Re1 Nd3 21.
Re4 Ndxe5 22. Nxe5 Nxe5 23. a4 f5 24. Re2 Rfb8 25. Nf2 Ra7 26. Nh3 Nc4 27. Rae1
Bxc3 28. bxc3 Ne5 29. Ra2 Rba8 30. Rb1 h6 31. Nf4 Kf7 32. Ne6 Nd7 33. Rab2 Nf8
34. Re1 Rxa4 35. Rb7 Ra1 36. Nd8+ Ke8 37. Rxa1 Rxa1+ 38. Kf2 Kxd8 39. Rb8+ Kd7
40. Rxf8 Rc1 41. Rh8 h5 42. Rh6 Rxc3 43. Rxg6 Rd3 44. Rg5 Rxd5 45. Rxh5 c4 46.
Rh3 Rd2+ 0-1

[Event "Mario Desautels mem"]
[Site "Gatineau CAN"]
[Date "2003.11.18"]
[Round "1"]
[White "Laurin, Jacques"]
[Black "Groleau, Gilles"]
[Result "0-1"]
[WhiteElo "1863"]
[BlackElo "2173"]
[PlyCount "84"]
[EventDate "2003.11.18"]
[EventType "swiss"]
[EventRounds "5"]
[EventCountry "CAN"]

1. c4 Nf6 2. g3 c5 3. Bg2 Nc6 4. Nc3 e6 5. d3 Be7 6. e4 d6 7. f4 a6 8. e5 dxe5
9. Bxc6+ bxc6 10. fxe5 Nd7 11. Nf3 O-O 12. Ne4 Ra7 13. Be3 Qa5+ 14. Bd2 Qc7 15.
Bc3 f6 16. exf6 Nxf6 17. Be5 Qa5+ 18. Qd2 Qxd2+ 19. Nfxd2 Rd7 20. Bxf6 gxf6 21.
Ke2 Rfd8 22. Nf2 Rb7 23. Rab1 Bd7 24. Nb3 a5 25. Ne4 Rdb8 26. Nc3 Rb4 27. Nxa5
Rxb2+ 28. Ke3 f5 29. Nb3 Rc2 30. Na4 Be8 31. h4 Bh5 32. Rb2 Rxb2 33. Nxb2 Ra8
34. Ra1 Bf6 35. d4 Ra3 36. Nd3 Rxb3 37. axb3 Bxd4+ 38. Kf4 Bxa1 39. Nxc5 Kf7
40. Kg5 Bg4 41. Kh6 Bg7+ 42. Kg5 Bd4 0-1

[Event "Mario Desautels mem"]
[Site "Gatineau CAN"]
[Date "2003.11.18"]
[Round "1"]
[White "Laurin, Marcel"]
[Black "Libersan, Mattieu"]
[Result "0-1"]
[WhiteElo "1741"]
[BlackElo "1887"]
[PlyCount "84"]
[EventDate "2003.11.18"]
[EventType "swiss"]
[EventRounds "5"]
[EventCountry "CAN"]

1. d4 d5 2. g3 e6 3. Bg2 f5 4. Nf3 Nf6 5. Bg5 Be7 6. Ne5 O-O 7. Nc3 Bd7 8. Bxf6
gxf6 9. Nd3 Be8 10. e3 c6 11. h4 Nd7 12. g4 fxg4 13. Qxg4+ Kh8 14. Qxe6 Bf7 15.
Qh3 Bd6 16. O-O-O Qe7 17. h5 f5 18. Ne2 Nf6 19. Nef4 Bxf4 20. Nxf4 Ng4 21. Ng6+
Bxg6 22. hxg6 Nxf2 23. Qxh7+ Qxh7 24. Rxh7+ Kg8 25. Rf1 Ng4 26. Rfh1 Nxe3 27.
Rxb7 Nxg2 28. g7 Rf7 29. Rxf7 Kxf7 30. Rh8 Rg8 31. Rh6 f4 32. Rxc6 Kxg7 33. Rc3
Rf8 34. Rf3 Nh4 35. Rf2 Kg6 36. Kd2 Kf5 37. b3 f3 38. c4 Ke4 39. Ke1 Kxd4 40.
Rd2+ Ke3 41. Rxd5 f2+ 42. Kf1 Nf3 0-1

[Event "Mario Desautels mem"]
[Site "Gatineau CAN"]
[Date "2003.11.18"]
[Round "1"]
[White "Roy, Roger"]
[Black "Papineau, Andre"]
[Result "1/2-1/2"]
[WhiteElo "1742"]
[BlackElo "1710"]
[PlyCount "119"]
[EventDate "2003.11.18"]
[EventType "swiss"]
[EventRounds "5"]
[EventCountry "CAN"]

1. Nf3 Nf6 2. g3 c5 3. c4 g6 4. b3 Bg7 5. Bb2 Nc6 6. Bg2 O-O 7. O-O d6 8. d3
Bd7 9. Nbd2 Qc8 10. Rb1 Bh3 11. Ng5 Bxg2 12. Kxg2 b6 13. Nge4 Nxe4 14. Nxe4 Nd4
15. e3 Nf5 16. Bxg7 Kxg7 17. Qf3 h5 18. h4 Qb7 19. Ng5 Qxf3+ 20. Nxf3 Rfe8 21.
d4 e6 22. Rfd1 Rad8 23. Rd2 cxd4 24. Nxd4 Nxd4 25. Rxd4 e5 26. Rd5 Re6 27. Rbd1
Kf8 28. c5 bxc5 29. Rxc5 Rd7 30. Ra5 Rc7 31. Rd2 e4 32. Ra4 f5 33. Ra6 Ke7 34.
Rd5 Rd7 35. Rda5 d5 36. Rxa7 Red6 37. Rxd7+ Kxd7 38. Rc5 d4 39. exd4 Rxd4 40.
Rc3 Kd6 41. a4 Rd2 42. b4 Ra2 43. b5 Rxa4 44. Rc6+ Ke5 45. Rxg6 Ra2 46. Ra6 Rb2
47. b6 e3 48. Ra5+ Ke4 49. b7 Rxf2+ 50. Kg1 Rb2 51. Kf1 Rxb7 52. Ra4+ Kd3 53.
Ra3+ Ke4 54. Ra4+ Kf3 55. Rf4+ Kxg3 56. Rxf5 Rb2 57. Rxh5 Kf3 58. Rf5+ Kg4 59.
Re5 Kf3 60. Rf5+ 1/2-1/2

[Event "Mario Desautels mem"]
[Site "Gatineau CAN"]
[Date "2003.11.25"]
[Round "2"]
[White "Groleau, Gilles"]
[Black "Roy, Roger"]
[Result "1-0"]
[WhiteElo "2173"]
[BlackElo "1742"]
[PlyCount "123"]
[EventDate "2003.11.18"]
[EventType "swiss"]
[EventRounds "5"]
[EventCountry "CAN"]

1. e4 c5 2. Nf3 e6 3. Be2 d6 4. O-O Nf6 5. e5 dxe5 6. Nxe5 Bd6 7. Nc4 Bc7 8.
Nc3 a6 9. Bf3 O-O 10. d3 Nbd7 11. Bg5 Rb8 12. Ne4 h6 13. Bh4 b5 14. Ncd6 Qe7
15. Nxc8 Rfxc8 16. Qe2 g5 17. Bg3 Nxe4 18. Bxe4 Nf6 19. Rae1 Nxe4 20. Qxe4 Rb6
21. Bxc7 Qxc7 22. f4 f5 23. Qe3 Qg7 24. c3 b4 25. cxb4 Qd4 26. fxg5 Qxe3+ 27.
Rxe3 hxg5 28. Rg3 Rxb4 29. Rxg5+ Kf7 30. b3 Kf6 31. Rh5 Kg6 32. Rh3 Rd8 33. Re1
Rd6 34. Rhe3 Kf6 35. Rc1 Rd5 36. Rc4 Rb6 37. Rh4 Kg5 38. Rh8 Rbd6 39. Rg8+ Kf6
40. Rf8+ Ke7 41. Ra8 f4 42. Ra7+ Kf6 43. Rf3 e5 44. g3 Ke6 45. gxf4 exf4 46.
Rh7 Kf5 47. Rf7+ Kg5 48. R7xf4 Rxd3 49. Rf5+ Kg6 50. Rf6+ Rxf6 51. Rxd3 Rc6 52.
Rc3 a5 53. Rc4 Kf5 54. Ra4 Ra6 55. Kf2 Rh6 56. h4 Ke5 57. Kg3 Rg6+ 58. Kh3 Ra6
59. h5 Kd5 60. Kg4 Ke5 61. Kg5 Rf6 62. Re4+ 1-0

[Event "Mario Desautels mem"]
[Site "Gatineau CAN"]
[Date "2003.11.25"]
[Round "2"]
[White "Laurin, Marcel"]
[Black "Laurin, Jacques"]
[Result "1-0"]
[WhiteElo "1741"]
[BlackElo "1863"]
[PlyCount "87"]
[EventDate "2003.11.18"]
[EventType "swiss"]
[EventRounds "5"]
[EventCountry "CAN"]

1. d4 Nf6 2. c4 d6 3. Nc3 g6 4. e4 Bg7 5. f3 c6 6. Be3 Na6 7. Qd2 h5 8. h4 Nc7
9. Bd3 Bd7 10. Nge2 b5 11. cxb5 cxb5 12. Nf4 e5 13. dxe5 dxe5 14. Nfd5 Nfxd5
15. exd5 b4 16. Ne4 Nxd5 17. Nd6+ Kf8 18. Bc5 Kg8 19. Bxg6 Be6 20. Be4 Bh6 21.
Qc2 a5 22. Bxd5 Bxd5 23. Rd1 Be6 24. Ne4 Qc8 25. Qf2 Bf4 26. Be7 Qc7 27. Nf6+
Kg7 28. Bd6 Qa7 29. Bc5 Qc7 30. Ne4 f5 31. Ng5 Bxa2 32. Qc2 Bg3+ 33. Kf1 Rac8
34. b3 Kf6 35. Qc4 Bxb3 36. Qxb3 Bxh4 37. Ne6 Qc6 38. Rxh4 Qb5+ 39. Kg1 Rxc5
40. Nxc5 Qxc5+ 41. Kh2 f4 42. Rd5 Qb6 43. Qd3 Kg5 44. Rd6 1-0

[Event "Mario Desautels mem"]
[Site "Gatineau CAN"]
[Date "2003.11.25"]
[Round "2"]
[White "Libersan, Mattieu"]
[Black "Papineau, Andre"]
[Result "1-0"]
[WhiteElo "1887"]
[BlackElo "1710"]
[PlyCount "33"]
[EventDate "2003.11.18"]
[EventType "swiss"]
[EventRounds "5"]
[EventCountry "CAN"]

1. e4 c5 2. Nf3 d6 3. d4 cxd4 4. Nxd4 g6 5. Nc3 Bg7 6. Be3 Nc6 7. Bc4 Nf6 8. f3
Bd7 9. Qd2 O-O 10. h4 Nxd4 11. Bxd4 Qc7 12. Bb3 Bc6 13. h5 e5 14. Be3 Nxh5 15.
O-O-O Rad8 16. Bh6 b5 17. Rxh5 1-0

[Event "Mario Desautels mem"]
[Site "Gatineau CAN"]
[Date "2003.12.02"]
[Round "3"]
[White "Laurin, Jacques"]
[Black "Libersan, Mattieu"]
[Result "1-0"]
[WhiteElo "1863"]
[BlackElo "1887"]
[PlyCount "47"]
[EventDate "2003.11.18"]
[EventType "swiss"]
[EventRounds "5"]
[EventCountry "CAN"]

1. c4 g6 2. g3 Bg7 3. Bg2 d6 4. Nc3 e5 5. Qb3 Nc6 6. Qb5 Nge7 7. d3 O-O 8. Nf3
Nd4 9. Nxd4 exd4 10. Ne4 c6 11. Qb4 Nf5 12. Bg5 Qc7 13. g4 c5 14. Qd2 h6 15.
gxf5 hxg5 16. f6 Bh8 17. Qxg5 Bf5 18. Ng3 Qd7 19. Bd5 Be6 20. Be4 Qd8 21. Nh5
Re8 22. Bxg6 fxg6 23. Qxg6+ Kf8 24. Qh6+ 1-0

[Event "Mario Desautels mem"]
[Site "Gatineau CAN"]
[Date "2003.12.02"]
[Round "3"]
[White "Papineau, Andre"]
[Black "Groleau, Gilles"]
[Result "0-1"]
[WhiteElo "1710"]
[BlackElo "2173"]
[PlyCount "98"]
[EventDate "2003.11.18"]
[EventType "swiss"]
[EventRounds "5"]
[EventCountry "CAN"]

1. d4 Nf6 2. c4 e6 3. Nf3 b6 4. Nc3 Bb7 5. Bg5 h6 6. Bh4 Bb4 7. e3 c5 8. Be2 d6
9. O-O Bxc3 10. bxc3 g5 11. Bg3 Ne4 12. Qd3 Qe7 13. Nd2 Nxg3 14. fxg3 O-O 15.
Bf3 Nc6 16. Rf2 f5 17. g4 Rf6 18. Raf1 Raf8 19. gxf5 Rxf5 20. Bg4 R5f6 21. Rxf6
Rxf6 22. Rxf6 Qxf6 23. d5 Ne5 24. Qe2 exd5 25. cxd5 Bxd5 26. c4 Bc6 27. Bf3
Nxf3+ 28. Nxf3 g4 29. Ne1 h5 30. Nd3 d5 31. Nf4 Qf5 32. cxd5 Bxd5 33. Nxd5 Qxd5
34. Qc2 c4 35. Qg6+ Kf8 36. Qf6+ Qf7 37. Qd6+ Kg8 38. e4 c3 39. Qd8+ Kh7 40.
Qd3 Qc7 41. e5+ Kg7 42. Qf5 Qf7 43. Qc8 Qxa2 44. Qxc3 Qa5 45. Qc7+ Kg6 46. Qd6+
Kf5 47. Qf6+ Ke4 48. e6 Kd5 49. e7 Qe1+ 0-1

[Event "Mario Desautels mem"]
[Site "Gatineau CAN"]
[Date "2003.12.02"]
[Round "3"]
[White "Roy, Roger"]
[Black "Laurin, Marcel"]
[Result "1/2-1/2"]
[WhiteElo "1742"]
[BlackElo "1741"]
[PlyCount "117"]
[EventDate "2003.11.18"]
[EventType "swiss"]
[EventRounds "5"]
[EventCountry "CAN"]

1. Nf3 c5 2. e4 g6 3. Bc4 Bg7 4. O-O a6 5. a4 e6 6. c3 Nc6 7. d4 d5 8. exd5
exd5 9. Re1+ Nge7 10. Ba2 c4 11. Bg5 f6 12. Bf4 O-O 13. Nbd2 g5 14. Bxg5 fxg5
15. Nxg5 Rf6 16. Nxc4 h6 17. Ne4 Rg6 18. Ne5 Nxe5 19. dxe5 Bxe5 20. Qh5 Bg7 21.
Nc5 Bg4 22. Qh4 Bf6 23. Qg3 Nf5 24. Qd3 Nh4 25. Bxd5+ Kg7 26. h3 Bf5 27. Qxf5
Nxf5 28. Ne6+ Kh8 29. Nxd8 Rxd8 30. Bxb7 Nh4 31. Rad1 Rb8 32. Be4 Rg7 33. Rd6
Bg5 34. b4 Re8 35. Kf1 Bf4 36. Rf6 Bg5 37. Rxa6 Rge7 38. Ra8 Bd2 39. Rxe8+ Rxe8
40. Re2 Bxc3 41. g3 Bxb4 42. gxh4 Kg7 43. Bc6 Rf8 44. Re4 Bc5 45. Rg4+ Kh8 46.
f3 Rd8 47. a5 Rd2 48. a6 Rh2 49. Rc4 Ba7 50. Be4 Bb6 51. Rc8+ Kg7 52. Rb8 Be3
53. Rb7+ Kf6 54. a7 Ra2 55. Rf7+ Kxf7 56. a8=Q Rxa8 57. Bxa8 Kf6 58. Be4 Ke5
59. h5 1/2-1/2

[Event "Mario Desautels mem"]
[Site "Gatineau CAN"]
[Date "2003.12.09"]
[Round "4"]
[White "Laurin, Jacques"]
[Black "Roy, Roger"]
[Result "1-0"]
[WhiteElo "1863"]
[BlackElo "1742"]
[PlyCount "103"]
[EventDate "2003.11.18"]
[EventType "swiss"]
[EventRounds "5"]
[EventCountry "CAN"]

1. c4 e5 2. g3 Nf6 3. Bg2 c6 4. Nc3 Bb4 5. Nf3 d6 6. O-O O-O 7. d3 Re8 8. Bd2
d5 9. Nxd5 Nxd5 10. cxd5 Bxd2 11. Nxd2 cxd5 12. Qb3 Nc6 13. Qxd5 Be6 14. Qxd8
Raxd8 15. Bxc6 bxc6 16. Rfc1 Bg4 17. f3 Bd7 18. Ne4 f5 19. Nd6 Rf8 20. Rc5 Be6
21. Nb7 Rb8 22. Rxe5 Bxa2 23. Rxa2 Rxb7 24. Ra6 Rf6 25. Kf2 g6 26. b4 Kf7 27.
Rea5 Rxb4 28. Rxa7+ Kg8 29. Ra8+ Kg7 30. R5a7+ Rf7 31. Rxf7+ Kxf7 32. Rc8 Rb6
33. Ke3 g5 34. Rc7+ Kg6 35. Kd4 f4 36. Kc5 Rb5+ 37. Kxc6 Re5 38. gxf4 gxf4 39.
d4 Rxe2 40. d5 Rxh2 41. d6 Rd2 42. d7 Kf6 43. Kb7 Ke6 44. Kc8 Ke5 45. Rc5+ Ke6
46. d8=Q Rxd8+ 47. Kxd8 Kf6 48. Rh5 Kg6 49. Rh4 h5 50. Rxf4 Kg5 51. Rf8 h4 52.
Rh8 1-0

[Event "Mario Desautels mem"]
[Site "Gatineau CAN"]
[Date "2003.12.09"]
[Round "4"]
[White "Laurin, Marcel"]
[Black "Papineau, Andre"]
[Result "0-1"]
[WhiteElo "1741"]
[BlackElo "1710"]
[PlyCount "68"]
[EventDate "2003.11.18"]
[EventType "swiss"]
[EventRounds "5"]
[EventCountry "CAN"]

1. d4 Nf6 2. c4 c5 3. d5 b5 4. b3 bxc4 5. bxc4 d6 6. Qc2 g6 7. Bb2 Bg7 8. e4
O-O 9. Bd3 Nbd7 10. Nd2 Rb8 11. Bc3 Nb6 12. Ne2 Bd7 13. a4 Ng4 14. Bxg7 Kxg7
15. a5 Na8 16. O-O f6 17. Nc3 Nc7 18. a6 Rb6 19. Be2 Nxa6 20. Rfb1 Nb4 21. Qc1
a6 22. Nb3 Ne5 23. Na4 Bxa4 24. Rxa4 Qd7 25. Nd4 cxd4 26. Raxb4 Rxb4 27. Rxb4
d3 28. Bd1 Rc8 29. f4 Qc7 30. Kh1 Nxc4 31. Ba4 Nb6 32. Bc6 Nd7 33. Rb7 Qxb7 34.
h4 Qb4 0-1

[Event "Mario Desautels mem"]
[Site "Gatineau CAN"]
[Date "2003.12.09"]
[Round "4"]
[White "Libersan, Mattieu"]
[Black "Groleau, Gilles"]
[Result "0-1"]
[WhiteElo "1887"]
[BlackElo "2173"]
[PlyCount "114"]
[EventDate "2003.11.18"]
[EventType "swiss"]
[EventRounds "5"]
[EventCountry "CAN"]

1. e4 c5 2. d4 cxd4 3. c3 e6 4. Nf3 Nf6 5. e5 Nd5 6. Qxd4 Nc6 7. Qg4 Qc7 8. Qg3
g6 9. Nbd2 Bg7 10. Nc4 O-O 11. Be2 f6 12. exf6 Qxg3 13. hxg3 Bxf6 14. Nd6 Be7
15. Ne4 Nf6 16. Nxf6+ Bxf6 17. Be3 d5 18. Ng5 h5 19. g4 d4 20. cxd4 Nxd4 21.
Bd3 Bd7 22. Bxg6 Bxg5 23. Bxg5 hxg4 24. Be7 Kg7 25. Be4 Rh8 26. O-O-O Rxh1 27.
Rxh1 Rc8+ 28. Kb1 e5 29. Bd6 Kf6 30. Rh5 Nf5 31. Bxb7 Nxd6 32. Bxc8 Nxc8 33.
Rh6+ Kg5 34. Ra6 Kf4 35. Kc1 g3 36. fxg3+ Kxg3 37. Rg6+ Bg4 38. Kd2 Kf4 39. Ra6
e4 40. g3+ Kxg3 41. Ke3 Bf5 42. b4 Nb6 43. Rxa7 Nd5+ 44. Kd2 Nxb4 45. Ke3 Nc2+
46. Ke2 Kf4 47. Rc7 Nd4+ 48. Ke1 e3 49. Rc4 Ke4 50. Rc3 Nf3+ 51. Ke2 Ng1+ 52.
Ke1 Kd4 53. Ra3 Bd3 54. Ra4+ Bc4 55. Ra3 Nf3+ 56. Kd1 e2+ 57. Kc2 e1=Q 0-1

[Event "Mario Desautels mem"]
[Site "Gatineau CAN"]
[Date "2003.12.09"]
[Round "4"]
[White "Skiljevic, Gordan"]
[Black "Arsenault, Michel"]
[Result "0-1"]
[WhiteElo "1585"]
[BlackElo "2025"]
[PlyCount "56"]
[EventDate "2003.11.18"]
[EventType "swiss"]
[EventRounds "5"]
[EventCountry "CAN"]

1. e4 c5 2. d4 cxd4 3. c3 dxc3 4. Bc4 e6 5. e5 Qa5 6. Nxc3 Qxe5+ 7. Nge2 a6 8.
O-O b5 9. Bf4 Qc5 10. Bb3 Bb7 11. Nd4 Nc6 12. Be3 Nxd4 13. Bxd4 Qg5 14. f3 Nf6
15. Rc1 Be7 16. Qd3 O-O 17. Bc2 Bc5 18. Bxc5 Qxc5+ 19. Kh1 Rac8 20. Ne4 Nxe4
21. fxe4 Qg5 22. Rcd1 Rc4 23. Qe2 Rfc8 24. Qf3 f5 25. Rxd7 Bc6 26. Rd6 Rxc2 27.
Rxe6 Rc1 28. Qxf5 Qxf5 0-1

[Event "Mario Desautels mem"]
[Site "Gatineau CAN"]
[Date "2003.12.16"]
[Round "5"]
[White "Groleau, Gilles"]
[Black "Laurin, Marcel"]
[Result "1-0"]
[WhiteElo "2173"]
[BlackElo "1741"]
[PlyCount "61"]
[EventDate "2003.11.18"]
[EventType "swiss"]
[EventRounds "5"]
[EventCountry "CAN"]

1. e4 c5 2. Nf3 Nc6 3. Bb5 g6 4. O-O Bg7 5. c3 Ne5 6. Nxe5 Bxe5 7. d4 cxd4 8.
cxd4 Bg7 9. Nc3 a6 10. Ba4 e6 11. Be3 b5 12. Bc2 Bb7 13. Qd2 Rc8 14. Rac1 f6
15. Rfd1 d6 16. d5 e5 17. f4 Bh6 18. fxe5 Bxe3+ 19. Qxe3 fxe5 20. Rf1 Rc7 21.
Qb6 Qe7 22. a4 b4 23. Na2 a5 24. Bd3 Rxc1 25. Bb5+ Bc6 26. Nxc1 Bxb5 27. Qxb5+
Kd8 28. Qxa5+ Ke8 29. Qb5+ Kd8 30. Qb8+ Kd7 31. Rf8 1-0